1-Syllable Rhyming Answers #2 - Statistics

General Stats
  • This quiz has been taken 22,844 times
    22,800 since last reset
  • The average score is 14 of 21
Answer Stats
Hint Answer % Correct
Intelligent Cardiac Organ Smart Heart
95%
Liberated Honey-Maker Free Bee
94%
Inexpensive Ewe Cheap Sheep
93%
Sugary Avenue Sweet Street
91%
Heavy Feline Fat Cat
88%
Serpent Dessert Snake Cake
84%
Head Policeman Top Cop
82%
Vocabulary Geek Word Nerd
80%
Emerald Legume Green Bean
76%
Rectangular Duo Square Pair
76%
Wild Pig Entrance Boar Door
75%
Sweet Potato Jelly Yam Jam
75%
Sorceress Swap Witch Switch
73%
Evergreen Backbone Pine Spine
67%
Sad Sneaker Blue Shoe
66%
Gloomy 24-Hours Gray Day
55%
Smile Box Grin Bin
49%
Paste Group Glue Crew
41%
Beer Soup Brew Stew
31%
Adorable Mesa Cute Butte
24%
Dwarfish Army Post Short Fort
18%
No matching quizzes found
Score Distribution
Percent of People with Each Score
Percentile by Number Answered
Your Score History
You have not taken this quiz since the last reset